Devinez le Département Mystère #55 - Statistiques

Statistiques générales
  • Ce quiz a été pris 172 fois
  • Le résultat moyen est 28 sur 35
Statistiques - réponses
Type de Réponse Réponse % Correct
Lettre Trouvée R
100%
Lettre Trouvée A
99%
Lettre de l'Alphabet E
99%
Lettre Trouvée N
99%
Lettre de l'Alphabet O
99%
Lettre de l'Alphabet S
97%
Lettre de l'Alphabet D
96%
Lettre Trouvée I
96%
Lettre Trouvée T
95%
Lettre de l'Alphabet L
93%
Lettre Trouvée U
93%
Lettre Trouvée H
90%
Lettre de l'Alphabet M
90%
Lettre de l'Alphabet C
88%
Lettre de l'Alphabet V
87%
Lettre de l'Alphabet P
86%
Lettre de l'Alphabet B
80%
Lettre de l'Alphabet G
79%
Lettre de l'Alphabet Y
75%
Lettre de l'Alphabet F
72%
Lettre de l'Alphabet Q
69%
Lettre de l'Alphabet J
67%
Lettre de l'Alphabet Z
66%
Lettre Bien Placée A
64%
Lettre Bien Placée H
64%
Lettre Bien Placée H
64%
Département Mystère Haut-Rhin
64%
Lettre Bien Placée I
64%
Lettre de l'Alphabet K
64%
Lettre Bien Placée N
64%
Lettre Bien Placée R
64%
Lettre Bien Placée T
64%
Lettre Bien Placée U
64%
Lettre de l'Alphabet W
64%
Lettre de l'Alphabet X
64%
Aucun quiz correspondant
Distribution des résultats
% des personnes avec chaque résultat
Percentile par nombre de réponses
Votre historique - résultats
Vous n’avez pas pris ce quiz